[Event "Olympiad Women 2024"]
[Site "Budapest HUN"]
[Date "2024.09.14"]
[Round "4.32"]
[Board "3"]
[White "Koh, Wei Le Gladys"]
[Black "Nguyen, Thu Giang"]
[Result "0-1"]
[WhiteElo "1788"]
[BlackElo "2068"]
[PlyCount "58"]
[EventDate "2024.09.11"]
[WhiteTeam "Singapore"]
[BlackTeam "Australia"]
[WhiteTeamCountry "SIN"]
[BlackTeamCountry "AUS"]

1. e4 c6 2. d4 d5 3. e5 c5 4. dxc5 e6 5. a3 Bxc5 6. b4 Be7 7. Bb2 a5 8. b5 Nd7 9. Nf3 f6 10. c4 ({RR} 10. Bd3 Nh6 11. c4 Nxe5 12. Nxe5 fxe5 13. Bxe5 dxc4 14. Bxc4 Qxd1+ 15. Kxd1 Ng4 16. Bg3 Rf8 17. Ra2 Bd7 18. h3 Rc8 19. Bb3 Nf6 20. Re1 Bxb5 21. Bxe6 Rd8+ 22. Kc1 Bd7 23. Bb3 Rc8+ 24. Kd1 a4 {½-½ Pichot,A (2637)-Mareco,S (2619) 97th ch-ARG 2022 (3.6)}) 10... Nb6 $146 ({RR} 10... fxe5 11. Nxe5 Nxe5 12. Bxe5 Nf6 13. Nc3 O-O 14. Be2 b6 15. O-O Bb7 16. Qd4 Bc5 17. Qh4 Nd7 18. Qxd8 Raxd8 19. Bg3 d4 20. Na4 e5 21. Bg4 d3 22. Bxd7 Rxd7 23. Bxe5 d2 24. Nxc5 bxc5 25. Rad1 {1-0 Babiy,O (2332)-Papp,P (2259) Swiss Queens Wed #23 2024 (7.125)}) ({RR} 10... Nxe5 11. Nxe5 fxe5 12. cxd5 Qxd5 13. Qh5+ g6 14. Qxe5 Qxe5+ 15. Bxe5 Bf6 16. f4 Bxe5 17. fxe5 Nh6 18. Nd2 Nf7 19. Nc4 Bd7 20. a4 Rb8 21. Rd1 Ke7 22. Be2 Rhd8 23. O-O Be8 24. Rc1 {½-½ Rakovsky,J (2037)-Petran,P (2195) 36th Pula Open 2024 (5.17)}) ({RR} 10... Nxe5 11. Nxe5 fxe5 12. cxd5 Nf6 13. Bxe5 Qxd5 14. Qxd5 exd5 15. Bd3 O-O 16. O-O Bc5 17. Nc3 Ng4 18. Bg3 Bf5 19. Be2 Nf6 20. Na4 Be7 21. Nb6 Rae8 22. Bf3 Bd3 23. Rfd1 Bxb5 24. Nxd5 Nxd5 25. Bxd5+ {½-½ Marek,M (2363)-Zaloznyy,M (2125) Charlotte CCCSA Spring IM-D 2022 (4)}) 11. Nbd2 Nh6 12. Bd3 Nf7 13. O-O f5 14. Rc1 dxc4 15. Nxc4 Nd5 16. a4 O-O 17. Qb3 Bd7 18. Rfd1 g6 19. Ba3 Bb4 20. Bf1 Qe7 21. Bb2 Bc5 22. Ne1 Ng5 23. Nd6 Ne4 24. Nxe4 fxe4 25. Bd4 Rac8 26. Bxc5 Rxc5 27. Rxc5 Qxc5 28. Qc2 Qb6 29. Be2 Qxf2+ 0-1

[Event "Olympiad Women 2024"]
[Site "Budapest HUN"]
[Date "2024.09.14"]
[Round "4.33"]
[Board "1"]
[White "Mendoza, Shania Mae"]
[Black "Ortez, Andrea"]
[Result "1-0"]
[WhiteElo "2013"]
[BlackElo "1948"]
[PlyCount "119"]
[EventDate "2024.09.11"]
[WhiteTeam "Philippines"]
[BlackTeam "El Salvador"]
[WhiteTeamCountry "PHI"]
[BlackTeamCountry "ESA"]

1. e4 c5 2. Nc3 Nc6 3. f4 g6 4. Nf3 Bg7 5. Bb5 Nd4 6. a4 a6 7. Bc4 e6 8. O-O Ne7 9. e5 ({RR} 9. d3 d5 10. Ba2 O-O 11. Kh1 b5 12. axb5 axb5 13. Nxd4 cxd4 14. Ne2 dxe4 15. dxe4 Bb7 16. Qd3 Ra7 17. f5 Qa8 18. f6 Bxe4 19. Qg3 Bxf6 20. Rxf6 Rxa2 21. Rxa2 Qxa2 22. Bh6 Nf5 23. Rxf5 exf5 {1-0 Hernandez Guerrero,G (2568)-Gulko,B (2618) Carlos Torre Memorial op 12th 1999 (9)}) ({RR} 9. d3 d5 10. Ba2 b5 11. f5 gxf5 12. exd5 b4 13. dxe6 fxe6 14. Ne2 b3 15. Bxb3 Nxb3 16. cxb3 Nd5 17. Nf4 Nxf4 18. Bxf4 O-O 19. Qe2 Qd5 20. Be5 Ra7 21. Rac1 Rb7 22. Rc4 Rxb3 23. Bxg7 Kxg7 {½-½ Alinasab,M (2340)-Bilych,O (2451) Ponte de Lima Open 2024 (4.3)}) 9... d5 10. Be2 $146 ({RR} 10. exd6 Qxd6 11. d3 Nxf3+ 12. Qxf3 Nf5 13. Ne4 Qe7 14. a5 Bd7 15. c3 Rc8 16. g4 Nh4 17. Qf2 h5 18. f5 gxf5 19. Bg5 fxe4 20. Bxe7 Nf3+ 21. Kh1 Kxe7 22. g5 exd3 23. Bd5 Ne5 24. Bxb7 Rc7 {0-1 Jacob,G (2175)-Hunt,H (2360) Groningen op 1997 (3)}) ({RR} 10. exd6 Nef5 11. Ne4 Nxd6 12. Nxd6+ Qxd6 13. d3 O-O 14. c3 Nxf3+ 15. Qxf3 Qc7 16. a5 Bd7 17. Be3 Rac8 18. Ra3 Rfd8 19. Qe2 Bb5 20. Raa1 Rd7 21. Bxb5 axb5 22. Rfd1 Qc6 23. Qf2 Rd5 24. Rd2 Rcd8 {½-½ Fries Nielsen,J (2400)-Magalotti,A (2220) Forli op 1990 (1)}) ({RR} 10. exd6 Qxd6 11. Ne4 Qc7 12. c3 Ndf5 13. d3 O-O 14. g4 Nd6 15. Nxd6 Qxd6 16. Qe1 Bd7 17. Qh4 b5 18. Ng5 h6 19. Ne4 Qc6 20. Bxb5 axb5 21. Qxe7 Rfe8 22. Qxc5 bxa4 23. Be3 Reb8 24. Rf2 Rb5 {1-0 Olson,H-Raheb,D CAN-ch U20 Quebec 2000 (4)}) 10... Nec6 11. Nxd4 Nxd4 12. Bf3 O-O 13. Ne2 Nxe2+ 14. Qxe2 Bd7 15. d3 Qe7 16. Bd2 Rac8 17. c3 Bc6 18. d4 b5 19. a5 c4 20. g4 f5 21. exf6 Qxf6 22. Rfe1 Bd7 23. g5 Qf7 24. Bg4 Rfe8 25. Qf3 Bf8 26. Re2 Bd6 27. Rae1 Re7 28. h4 Rf8 29. Rf1 e5 30. dxe5 Bxg4 31. Qxg4 Rxe5 32. Rxe5 Bxe5 33. Be3 Bg7 34. Bc5 Re8 35. Kg2 d4 36. cxd4 Bxd4 37. Bxd4 Qd5+ 38. Qf3 Qxd4 39. Rf2 b4 40. h5 gxh5 41. Qxh5 Qd5+ 42. Kh2 Re1 43. Rg2 Qd1 44. Qxd1 Rxd1 45. Rc2 Rd4 46. Kg3 Rd3+ 47. Kg4 c3 48. bxc3 Rxc3 49. Rd2 b3 50. Rd8+ Kg7 51. Rb8 Rc5 52. Rb7+ Kg8 53. Rxb3 Rxa5 54. Rb8+ Kg7 55. Rb7+ Kg8 56. Ra7 Ra1 57. Kf5 Ra4 58. Ke5 a5 59. f5 Ra1 60. Kf6 1-0

[Event "Olympiad Women 2024"]
[Site "Budapest HUN"]
[Date "2024.09.14"]
[Round "4.33"]
[Board "3"]
[White "Fronda, Jan Jodilyn"]
[Black "Vasquez Vasquez, Marielos"]
[Result "1-0"]
[WhiteElo "2165"]
[BlackElo "1844"]
[PlyCount "61"]
[EventDate "2024.09.11"]
[WhiteTeam "Philippines"]
[BlackTeam "El Salvador"]
[WhiteTeamCountry "PHI"]
[BlackTeamCountry "ESA"]

1. e4 c5 2. Nf3 Nc6 3. Bb5 g6 4. O-O Bg7 5. Bxc6 dxc6 6. h3 Nf6 7. Re1 Nd7 ({RR} 7... O-O 8. d3 Ne8 9. e5 Nc7 10. Nbd2 b6 11. a4 a5 12. Nc4 Nd5 13. Bd2 Ra7 14. Qc1 f5 15. Bh6 Be6 16. Bxg7 Kxg7 17. Ng5 Qd7 18. f4 h6 {½-½ Juswanto,D (2516)-Kotsur,P (2578) Asia Cities-ch 13th 2002 (4)}) 8. e5 Nb6 $146 ({RR} 8... O-O 9. d3 c4 10. d4 Nb6 11. Nc3 Nd5 12. Ne4 Bf5 13. Qe2 b5 14. Nc5 Nb4 15. Ne4 Qd5 {½-½ Chase,C (2304)-Riordan,C (2332) Somerset BCC-ch 2011 (7)}) ({RR} 8... Nf8 9. d3 Ne6 10. Nc3 b6 11. Ne4 Bb7 12. Neg5 Nxg5 13. Nxg5 h6 14. Ne4 Qd4 15. Nf6+ Kf8 16. c3 Qd8 17. Ne4 Ba6 18. c4 Qd4 19. e6 f5 20. Nc3 Kg8 21. Be3 Qd6 22. Qc2 Kh7 23. Rad1 {0-1 Herman,M (2383)-Kazakouski,V (2596) Titled Tue 30th Jan Late 2024 (1)}) ({RR} 8... Nf8 9. d3 Ne6 10. Ng5 c4 11. Nxe6 Bxe6 12. d4 O-O 13. Nc3 Bd5 14. Be3 Qd7 15. Qd2 Rfd8 16. Bh6 Bh8 17. Rad1 Qe6 18. Qe3 Rd7 19. Ne2 Qf5 20. Nf4 g5 21. Nxd5 Rxd5 22. Bxg5 e6 23. Qg3 {½-½ Horoschavina,O (2076)-Bogdanovich,S (2299) Yuzhny op 2008 (4)}) ({RR} 8... Nf8 9. d3 Ne6 10. Be3 O-O 11. Qd2 Nd4 12. Nxd4 cxd4 13. Bh6 Be6 14. Qf4 Qd5 15. Nd2 a5 16. Qh4 a4 17. Bxg7 Kxg7 18. Qxe7 Rae8 19. Qf6+ Kg8 20. Nf3 Bf5 21. Qh4 h5 22. Re2 a3 23. b3 {1-0 Osinovsky,S (2241)-De Abreu,R (2110) Titled Tuesday intern Qual1 4th April blitz 2017 (5)}) 9. d3 Nd5 10. Nbd2 O-O 11. Ne4 b6 12. b3 Qc7 13. Bb2 Bf5 14. Ng3 Bd7 15. Qc1 h6 16. a3 Qc8 17. c4 Nc7 18. b4 Ne6 19. Ne4 Rd8 20. Qe3 cxb4 21. d4 Be8 22. axb4 f6 23. exf6 exf6 24. d5 Nf8 25. Nxf6+ Bxf6 26. Bxf6 Rd7 27. Be7 Nh7 28. Qxh6 Qb7 29. d6 Bf7 30. Re4 Re8 31. Rh4 1-0

[Event "Olympiad Women 2024"]
[Site "Budapest HUN"]
[Date "2024.09.14"]
[Round "4.33"]
[Board "4"]
[White "Barahona, Dalila Yamileth"]
[Black "Galas, Bernadette"]
[Result "0-1"]
[WhiteElo "1833"]
[BlackElo "2013"]
[PlyCount "82"]
[EventDate "2024.09.11"]
[WhiteTeam "El Salvador"]
[BlackTeam "Philippines"]
[WhiteTeamCountry "ESA"]
[BlackTeamCountry "PHI"]

1. c4 c5 2. Nc3 Nc6 3. g3 g6 4. Bg2 Bg7 5. Nf3 d6 6. O-O e6 7. d3 Nge7 8. Rb1 O-O 9. a3 Rb8 ({RR} 9... b6 10. Bg5 Bb7 11. Qd2 Qd7 12. b4 Nd4 13. Nxd4 cxd4 14. Ne4 f5 15. Bxe7 Qxe7 16. Ng5 Bxg2 17. Kxg2 e5 18. h4 e4 19. Rbc1 Rae8 20. c5 bxc5 21. bxc5 dxc5 22. Qc2 Rc8 23. Qc4+ Kh8 24. Ne6 {0-1 Shapiro,V (2074)-Martinez Alcantara,J (2612) Titled Tue 2nd Jul Late 2024 (2)}) 10. Bd2 b6 11. b4 Bb7 12. Qc1 $146 ({RR} 12. e3 Ba8 13. Qe2 d5 14. bxc5 bxc5 15. Rxb8 Qxb8 16. Rb1 Qc7 17. cxd5 exd5 18. Na4 Qd6 19. Rc1 c4 20. dxc4 Qxa3 21. Nc3 dxc4 22. Qxc4 Na5 23. Qa6 Bb7 24. Qxa7 Nec6 25. Qb6 Nc4 26. Qxb7 Nxd2 {0-1 Harikrishna,P (2727)-Gelfand,B (2743) Beijing Sportaccord blitz 2014 (16)}) ({RR} 12. Na2 Qd7 13. Nc1 Nd4 14. Nxd4 Bxd4 15. Nb3 Bg7 16. Qc2 Bxg2 17. Kxg2 Qc6+ 18. Kg1 Rbd8 19. b5 Qb7 20. Bc3 d5 21. Bxg7 Kxg7 22. Qc3+ d4 23. Qd2 h5 24. h4 Nf5 25. Qf4 Qb8 26. Qxb8 Rxb8 {1-0 Hopka,M (1744)-Lima,A (1518) Sao Paulo Carnaval op 2018 (6)}) ({RR} 12. b5 Nd4 13. Nxd4 Bxd4 14. Ne4 f5 15. Ng5 Bxg2 16. Kxg2 Qd7 17. Nf3 Bg7 18. Qc1 e5 19. Bh6 f4 20. Bxg7 Kxg7 21. e3 Rbe8 22. exf4 Rxf4 23. Ng5 Qg4 {0-1 Thorfinnsson,B (2404)-Tan,J (2451) PRO League Stage rapid 2017 (6)}) 12... Nd4 13. Nxd4 cxd4 14. Ne4 f5 15. Ng5 Qd7 16. Nf3 e5 17. e3 dxe3 18. fxe3 Rbc8 19. Bc3 b5 20. Qd1 e4 21. Nd4 bxc4 22. dxc4 Rxc4 23. Qd2 Nd5 24. Bb2 Rfc8 25. Rfc1 Bh6 26. Re1 Bg7 27. Bf1 R4c7 28. Bb5 Qe7 29. Ba4 Nb6 30. Bb3+ d5 31. Nb5 Nc4 32. Bxc4 Rxc4 33. Bxg7 Qxg7 34. Nd6 Rc2 35. Qd1 R8c3 36. Nb5 Qh6 37. h4 Rxe3 38. Qxc2 Rxg3+ 39. Kf1 Qf4+ 40. Qf2 Rf3 41. Re2 e3 0-1

[Event "Olympiad Women 2024"]
[Site "Budapest HUN"]
[Date "2024.09.14"]
[Round "4.34"]
[Board "3"]
[White "Bogantes Robleto, Karina"]
[Black "De Rycke, Tyani"]
[Result "0-1"]
[WhiteElo "1766"]
[BlackElo "2110"]
[PlyCount "96"]
[EventDate "2024.09.11"]
[WhiteTeam "Costa Rica"]
[BlackTeam "Belgium"]
[WhiteTeamCountry "CRI"]
[BlackTeamCountry "BEL"]

1. d4 Nf6 2. c4 g6 3. Nc3 Bg7 4. e4 d6 5. h3 Nbd7 6. Be3 e5 7. d5 h5 8. Qc2 ({RR} 8. Bd3 Bh6 9. Bxh6 Rxh6 10. Qd2 Rh8 11. Nge2 Kf8 12. O-O Kg7 13. f4 exf4 14. Rxf4 Ne5 15. Raf1 Nh7 16. Nd4 Qe7 17. Nf3 Rf8 18. Nxe5 Qxe5 19. Qf2 f6 20. Nb5 c5 21. dxc6 bxc6 22. Nd4 Bd7 {0-1 Andreikin,D (2729)-Tabatabaei,M (2664) Chess.com Rapid Wk23 Swiss 2022 (3)}) ({RR} 8. Qd2 Nc5 9. Bd3 h4 10. b4 Nxd3+ 11. Qxd3 a5 12. bxa5 Nh5 13. Nge2 f5 14. c5 O-O 15. cxd6 cxd6 16. f3 Nf4 17. Nxf4 exf4 18. Bb6 Qf6 19. Rc1 Bd7 20. O-O Rac8 21. Ne2 fxe4 22. fxe4 Rxc1 {1-0 Nihal,S (2693)-Anton Guijarro,D (2670) Titled Tue 2nd Jan Late 2024 (6)}) 8... Bh6 9. Bxh6 Rxh6 10. Nf3 h4 $146 ({RR} 10... a5 11. Bd3 Nc5 12. h4 Rh8 13. Nd2 Nfd7 14. O-O-O Nxd3+ 15. Qxd3 Nc5 16. Qe3 Bd7 17. g3 Qe7 18. Rhf1 O-O-O 19. Nb3 Nxb3+ 20. axb3 b6 21. f4 Rhf8 22. f5 Qf6 23. Qg5 Qxg5+ 24. hxg5 Rg8 25. fxg6 {1-0 Chatzieleftheriou,A (2351)-Tsaknakis,Z (2305) 41st TCh-GRE Cup Final 2023 (5.1)}) 11. O-O-O Nh5 12. Qd2 Rh8 13. Qg5 Qxg5+ 14. Nxg5 a6 15. Nf3 Nf4 16. g3 hxg3 17. fxg3 Nh5 18. Rg1 Ke7 19. Nh4 Ndf6 20. Rd2 Bd7 21. Rf2 Rab8 22. b4 b5 23. cxb5 axb5 24. Nf3 Nh7 25. Kd2 Rhg8 26. g4 Nf4 27. Ne2 Ra8 28. Nc3 c6 29. Ke1 cxd5 30. Nxd5+ Nxd5 31. exd5 Ra4 32. Rb2 Nf6 33. Bg2 Nxd5 34. Nxe5 Nxb4 35. a3 Rxa3 36. Rxb4 dxe5 37. Bf1 Ra1+ 38. Kf2 Rc8 39. Rg3 Rc2+ 40. Be2 Ra4 41. Rgb3 Rxb4 42. Rxb4 Kd6 43. Kf1 Rc5 44. h4 Rc1+ 45. Kf2 Rh1 46. g5 Rh2+ 47. Ke1 Bc6 48. Bxb5 Kc5 0-1

[Event "Olympiad Women 2024"]
[Site "Budapest HUN"]
[Date "2024.09.14"]
[Round "4.35"]
[Board "3"]
[White "Gombocz, Zsofia"]
[Black "Smith, Lynda"]
[Result "1/2-1/2"]
[WhiteElo "2061"]
[BlackElo "1831"]
[PlyCount "63"]
[EventDate "2024.09.11"]
[WhiteTeam "Hungary C"]
[BlackTeam "Wales"]
[BlackTeamCountry "WLS"]

1. e4 c5 2. Nf3 g6 3. Bc4 Bg7 4. c3 e6 5. O-O Nc6 6. d4 cxd4 7. Nxd4 Nxd4 8. cxd4 d5 9. Bb5+ $146 ({RR} 9. exd5 exd5 10. Bb5+ Bd7 11. Re1+ Ne7 12. Qa4 Bxb5 13. Qxb5+ Qd7 14. Qb4 Bf6 15. Bh6 O-O-O 16. Bf4 Nc6 17. Rc1 g5 18. Be3 Kb8 19. Qd2 h6 20. Na3 Rc8 21. Nc2 Ne7 22. Bf4+ Ka8 23. Be5 Bxe5 {0-1 David,A (2631)-Guseinov,G (2602) Marrakesh op 1st 2010 (8)}) ({RR} 9. exd5 exd5 10. Re1+ Ne7 11. Bb5+ Bd7 12. Bg5 f6 13. Bxd7+ Qxd7 14. Bf4 O-O 15. Nc3 Nc6 16. Qa4 Qf5 17. Bg3 a6 18. Rad1 Rfe8 19. Qb3 Nxd4 20. Qxb7 Rxe1+ 21. Rxe1 Rd8 22. Qxa6 Nc2 23. Qe6+ Qxe6 {1-0 Schlegel,I (2233)-Chen,M (2030) 57th Biel Rapid Open 2024 (3.22)}) ({RR} 9. exd5 exd5 10. Re1+ Ne7 11. Bb5+ Bd7 12. Qa4 a6 13. Bxd7+ Qxd7 14. Qa3 Bf6 15. Bh6 g5 16. Qf3 Qd6 17. Nc3 O-O-O 18. Bxg5 Bxg5 19. Qg4+ Kb8 20. Qxg5 Nc6 21. Rad1 Rhg8 22. Qf5 Rg6 23. g3 Rd7 {1-0 Adamski,J-Filipowicz,A POL-ch30 Gdynia 1973 (3)}) ({RR} 9. exd5 exd5 10. Bb3 Ne7 11. Nc3 h6 12. Be3 O-O 13. Qf3 Be6 14. Rfe1 Qd7 15. h3 Rac8 16. Rad1 Rfd8 17. Ne2 Bf5 18. Nc3 Be6 19. Bf4 Nc6 20. Ba4 Qe7 21. Bxc6 Rxc6 22. Be5 f6 23. Bg3 Qd7 {½-½ Hakemi,A (2317)-Ramezani,M (2093) Caspian Cup 17th 2019 (8)}) 9... Bd7 10. Bxd7+ Qxd7 11. e5 Ne7 12. Bg5 O-O 13. Qd2 f6 14. Bh6 fxe5 15. Bxg7 Kxg7 16. dxe5 Rac8 17. Nc3 a6 18. Ne4 Qa4 19. Nd6 Rc2 20. Qd1 Qc6 21. Rc1 Rxc1 22. Qxc1 Qd7 23. Rd1 Nf5 24. Ne4 Rc8 25. Qd2 h6 26. Ng3 Nxg3 27. hxg3 Qc7 28. Qf4 Qf7 29. Qe3 Qc7 30. Qf4 Qf7 31. Qe3 Qc7 32. Qf4 1/2-1/2

[Event "Olympiad Women 2024"]
[Site "Budapest HUN"]
[Date "2024.09.14"]
[Round "4.35"]
[Board "4"]
[White "Chong, Kimberly"]
[Black "Nandin-Erdene, Davaademberel"]
[Result "0-1"]
[WhiteElo "1779"]
[BlackElo "2039"]
[PlyCount "64"]
[EventDate "2024.09.11"]
[WhiteTeam "Wales"]
[BlackTeam "Hungary C"]
[WhiteTeamCountry "WLS"]

1. e4 c6 2. d4 d5 3. e5 Bf5 4. h4 h5 5. Bd3 Bxd3 6. Qxd3 e6 7. Bg5 Be7 8. Nf3 Nd7 9. Nbd2 ({RR} 9. Nc3 Qa5 10. O-O Nh6 11. Bxe7 Kxe7 12. Ne2 c5 13. c4 dxc4 14. Qxc4 cxd4 15. Qxd4 Nf5 16. Qf4 Nb6 17. Nc3 Rh6 18. Rfd1 Rg6 19. Nd4 Nxd4 20. Qxd4 Rg4 21. Qd6+ Ke8 22. Qc7 Rc4 23. Qxb7 Qxe5 {1-0 Ni,H (2653)-Brunello,S (2589) Porto Mannu op 6th 2014 (3)}) 9... Nh6 10. O-O Nf5 11. g3 Nf8 $146 ({RR} 11... c5 12. c4 cxd4 13. cxd5 Bxg5 14. dxe6 fxe6 15. Nxg5 Qe7 16. Rfe1 O-O 17. Ndf3 Nc5 18. Qa3 Rfd8 19. Rad1 d3 20. b4 Na6 21. Rxd3 Rxd3 22. Qxd3 Nxb4 23. Qb3 Nd5 24. Qb1 Rc8 25. Nd4 Nxd4 26. Qh7+ {1-0 Silva,L (2215)-Zhu,L (2129) Titled Tue 6th Aug Late 2024 (7)}) ({RR} 11... O-O 12. c3 c5 13. Rfe1 c4 14. Qe2 b5 15. a3 a5 16. Nf1 Re8 17. Ne3 Nxe3 18. Qxe3 Nf8 19. Kg2 b4 20. axb4 axb4 21. Rxa8 Qxa8 22. Bxe7 Rxe7 23. Qg5 Ra7 24. Qxh5 Ra1 25. Rxa1 Qxa1 26. Ng5 {1-0 Harish,N (2127)-Edelmann,O (1872) Chessemy Open A 2023 (9.21)}) ({RR} 11... Qb6 12. c4 Bxg5 13. hxg5 h4 14. cxd5 hxg3 15. dxe6 gxf2+ 16. Kxf2 fxe6 17. Nc4 Qb4 18. a3 Qe7 19. Nd6+ Nxd6 20. exd6 Qxd6 21. Qg6+ Kd8 22. Rh1 Kc7 23. Rxh8 Rxh8 24. Re1 Qf4 25. Kg2 Qg4+ 26. Kf2 {1-0 Khandelwal,A (2228)-Qashashvili,A (2505) Titled Tue 13th Dec Early 2022 (11)}) 12. Rfe1 Nh7 13. Bxe7 Qxe7 14. Nf1 g5 15. Ne3 Nxe3 16. Rxe3 gxh4 17. gxh4 O-O-O 18. Kf1 Kb8 19. Ke2 Rdg8 20. Rh1 Rg4 21. Rh3 Nf8 22. Ng5 Ng6 23. Ref3 Nf4+ 24. Rxf4 Rxf4 25. Qe3 Rg4 26. Rf3 Rf8 27. Rf4 Rg1 28. Nh7 Rfg8 29. Ng5 Qb4 30. Qc3 Qb5+ 31. Kd2 Qf1 32. Qb3 Qc1+ 0-1

[Event "Olympiad Women 2024"]
[Site "Budapest HUN"]
[Date "2024.09.14"]
[Round "4.36"]
[Board "2"]
[White "Bederdin, Lilja"]
[Black "Gonzalez Peguero, Mary Loly"]
[Result "1-0"]
[WhiteElo "2065"]
[BlackElo "1889"]
[PlyCount "121"]
[EventDate "2024.09.11"]
[WhiteTeam "Finland"]
[BlackTeam "Dominican Republic"]
[WhiteTeamCountry "FIN"]
[BlackTeamCountry "DOM"]

1. e4 c5 2. Nc3 g6 3. d4 cxd4 4. Qxd4 Nf6 5. Nf3 Nc6 6. Qa4 e5 ({RR} 6... Bg7 7. e5 Ng8 8. Bf4 f6 9. exf6 Nxf6 10. Bc4 Qa5 11. Qb3 d5 12. Bb5 O-O 13. O-O e6 14. Bxc6 bxc6 15. Qa4 Qxa4 16. Nxa4 Nd7 17. Bd6 Re8 18. Rfe1 e5 19. c3 Ba6 20. Nc5 Nxc5 21. Bxc5 {0-1 Rublevsky,S (2667)-Ponomariov,R (2721) Izmailov Memorial 10th rapid 2006 (8)}) ({RR} 6... Ng4 7. h3 Nge5 8. Nxe5 Nxe5 9. Be3 b6 10. O-O-O Nc6 11. h4 Bg7 12. Nd5 Bb7 13. h5 gxh5 14. Rxh5 e6 15. Nf4 Qf6 16. Rb5 Bh6 17. e5 Qe7 18. Nd5 Bxe3+ 19. Nxe3 Qg5 20. Kb1 Ne7 21. f4 {1-0 Ostrovskiy,A (2414)-Andersen,A (2166) Oslo Sveins op 11th 2018 (8)}) 7. Bb5 Qc7 $146 ({RR} 7... Bd6 8. Bg5 h6 9. O-O-O hxg5 10. Rxd6 Qe7 11. Rd2 g4 12. Ng1 Qc5 13. Nge2 a6 14. h4 gxh3 15. Rxh3 Rxh3 16. gxh3 Qxf2 17. Nd4 Qg1+ 18. Rd1 Qg5+ 19. Kb1 Nxd4 20. Bc4 Rb8 21. Qb4 Ra8 22. Qd6 {0-1 Hyman,D (1208)-Adams,S (1601) RSA-ch U12 Waterkloof 2015 (1)}) ({RR} 7... Bd6 8. Bg5 h6 9. Bh4 g5 10. Bg3 Qe7 11. O-O-O O-O 12. Rhe1 a6 13. Nd5 Nxd5 14. exd5 Na7 15. Bd3 b5 16. Qg4 f6 17. Qh5 Qg7 18. Nd4 f5 19. Nxf5 Rxf5 20. Bxf5 Bb7 21. Qg6 Qxg6 22. Bxg6 {1-0 Priyadharshan,K (2379)-Kaplan,E (1794) Akhisar Manisa ol U16 2009 (10)}) 8. Bg5 Bg7 9. O-O-O O-O 10. Rd3 Nd4 11. Bxf6 Bxf6 12. Nd5 Qd8 13. Nxd4 exd4 14. Nxf6+ Qxf6 15. Rd2 Qg5 16. g3 d5 17. f4 Qe7 18. Rxd4 dxe4 19. Rxe4 Qc5 20. Qb4 Qd5 21. Bc4 Qc6 22. Rhe1 Bf5 23. R4e2 Rac8 24. Bb3 b6 25. Qa4 Qc7 26. Re8 Qc5 27. Rxf8+ Rxf8 28. Qc4 Qf2 29. Qe2 Qc5 30. g4 Bc8 31. h3 Qb4 32. Qe4 Qc5 33. Qe3 Qc6 34. a3 Ba6 35. f5 Bb5 36. Qe4 Qf6 37. fxg6 hxg6 38. Qb4 Qf2 39. Qd2 Qh4 40. Re3 Bf1 41. Kb1 Rd8 42. Qc3 Bg2 43. Ka2 Qg5 44. Re2 Bd5 45. Bxd5 Qxd5+ 46. Qb3 Qg5 47. Re3 b5 48. Rf3 Rd7 49. Rc3 a5 50. Rc8+ Kg7 51. Qc3+ f6 52. Qxa5 Qd5+ 53. b3 Qe5 54. Qc3 Qf4 55. Qc5 Rf7 56. Qxb5 Qf2 57. Qc5 Qh2 58. Qc3 Qd6 59. g5 Qd7 60. gxf6+ Kh7 61. Qc4 1-0

[Event "Olympiad Women 2024"]
[Site "Budapest HUN"]
[Date "2024.09.14"]
[Round "4.36"]
[Board "4"]
[White "Sippola, Sara-Olivia"]
[Black "Ramirez Luzon, Franchesca"]
[Result "1/2-1/2"]
[WhiteElo "1861"]
[BlackElo "1820"]
[PlyCount "121"]
[EventDate "2024.09.11"]
[WhiteTeam "Finland"]
[BlackTeam "Dominican Republic"]
[WhiteTeamCountry "FIN"]
[BlackTeamCountry "DOM"]

1. e4 c5 2. Nf3 g6 3. d4 cxd4 4. Qxd4 Nf6 5. Nc3 Nc6 6. Qd3 ({RR} 6. Qa4 Bg7 7. e5 Ng8 8. Bf4 f6 9. exf6 Nxf6 10. Bc4 Qa5 11. Qb3 d5 12. Bb5 O-O 13. O-O e6 14. Bxc6 bxc6 15. Qa4 Qxa4 16. Nxa4 Nd7 17. Bd6 Re8 18. Rfe1 e5 19. c3 Ba6 20. Nc5 Nxc5 {0-1 Rublevsky,S (2667)-Ponomariov,R (2721) Izmailov Memorial 10th rapid 2006 (8)}) 6... Bg7 7. Be2 ({RR} 7. h3 d6 8. Be3 O-O 9. O-O-O Qa5 10. Nd4 Nb4 11. Qb5 Qxb5 12. Ndxb5 a6 13. Nd4 e5 14. Nb3 Be6 15. Rxd6 Rac8 16. Rxe6 fxe6 17. a3 Nc6 18. f3 Nd7 19. Be2 Nd4 20. Rd1 Nxb3+ 21. cxb3 Nc5 {1-0 Haszon,D (2258)-Thomas,A (2168) Titled Tue 14th May Early 2024 (5)}) 7... O-O 8. O-O b6 $146 ({RR} 8... d6 9. a3 b6 10. Bg5 Bb7 11. Rad1 Rc8 12. Nd5 Nxd5 13. exd5 Na5 14. b3 Rc3 15. Qe4 Qc8 16. Bxe7 f5 17. Qh4 Rf7 18. Bxd6 Rxc2 19. Bb5 a6 20. Bd3 Ra2 21. b4 Nb3 22. Bc4 Bf6 23. Qf4 {1-0 Dubovik,M (1503)-Danchanka,Z (1673) BLR-ch U18 Girls 2022 (5)}) ({RR} 8... d5 9. exd5 Nb4 10. Qd1 Nfxd5 11. Nxd5 Nxd5 12. c3 e5 13. Bg5 f6 14. Bc1 Be6 15. c4 Ne7 16. b3 Nc6 17. Bb2 Qa5 18. a3 Rfd8 19. Qc2 Bf5 20. Qc1 Qb6 21. b4 Rac8 22. c5 Qc7 23. Qc4+ {½-½ Prydun,A (2134)-Kostiukov,A (2271) Titled Tue 25th Apr Late 2023 (9)}) ({RR} 8... d6 9. Bg5 h6 10. Bf4 g5 11. Bg3 Nh5 12. Rfd1 Nxg3 13. hxg3 Qa5 14. a3 Bxc3 15. bxc3 Bd7 16. Rab1 Ne5 17. Nxe5 Qxe5 18. Rxb7 Bc6 19. Rc7 Rfc8 20. Rxc8+ Rxc8 21. Bf3 Bb5 22. Qe3 a6 23. Rd4 {0-1 Posaskov,N (2061)-Malisauskas,V (2347) Vilnius Elite Open 2023 (1.2)}) 9. Nd5 Nxd5 10. exd5 Ne5 11. Nxe5 Bxe5 12. f4 Bg7 13. Bf3 d6 14. Re1 Qc7 15. c3 Re8 16. Be3 Bd7 17. Bf2 Rac8 18. Bh4 b5 19. Re2 b4 20. cxb4 Qb6+ 21. Bf2 Qxb4 22. Qd2 Qb7 23. Rc1 Bf5 24. Rc6 Bd7 25. Rxc8 Rxc8 26. Rxe7 Bf6 27. Re1 Bxb2 28. Rb1 Rb8 29. Be4 a5 30. Qxa5 Ra8 31. Qd2 Rxa2 32. Bd4 Bxd4+ 33. Qxd4 Qa8 34. Qb6 Ra1 35. h3 Rxb1+ 36. Qxb1 Qa7+ 37. Kh1 Kg7 38. Qb2+ Kg8 39. Qf6 Qc7 40. Kh2 Bc8 41. Kg3 Bb7 42. h4 Qc5 43. h5 Qe3+ 44. Bf3 Qe1+ 45. Kh2 gxh5 46. Qg5+ Kf8 47. Qxh5 Qb4 48. Qh6+ Ke8 49. Qg5 Qd4 50. Qg8+ Ke7 51. Qg5+ Ke8 52. Qf5 Kf8 53. Kg3 Qg7+ 54. Kh2 Qg6 55. Qh3 Qf6 56. Qxh7 Qxf4+ 57. Kh1 Qc1+ 58. Kh2 Qg5 59. Qd3 Qh4+ 60. Kg1 Qe1+ 61. Kh2 1/2-1/2

[Event "Olympiad Women 2024"]
[Site "Budapest HUN"]
[Date "2024.09.14"]
[Round "4.37"]
[Board "3"]
[White "Sezdbekova, Aizhan"]
[Black "Romany, Joy"]
[Result "1-0"]
[WhiteElo "1799"]
[BlackElo "2012"]
[PlyCount "111"]
[EventDate "2024.09.11"]
[WhiteTeam "Kyrgyzstan"]
[BlackTeam "Egypt"]
[WhiteTeamCountry "KGZ"]
[BlackTeamCountry "EGY"]

1. e4 c5 2. Nf3 e6 3. c3 Nf6 4. Bd3 d5 5. e5 Nfd7 6. Bc2 c4 7. d4 cxd3 8. Bxd3 Nc6 9. Bf4 Qc7 10. O-O ({RR} 10. Qe2 g5 11. Nxg5 Ndxe5 12. O-O Bd6 13. Bg3 Nxd3 14. Qxd3 Bxg3 15. fxg3 f6 16. Nf3 Qb6+ 17. Kh1 Ne7 18. c4 Bd7 19. Nc3 dxc4 20. Qxc4 O-O 21. Rad1 Rad8 22. g4 Bc8 23. Rxd8 Qxd8 24. g5 fxg5 {½-½ Sakaev,K (2558)-Lavrik,D (2419) 77th ch-RUS HL 2024 (8.6)}) 10... g6 $146 ({RR} 10... f6 11. c4 fxe5 12. cxd5 exd5 13. Re1 Be7 14. Bg3 O-O 15. Nc3 Nf6 16. Nxe5 Nxe5 17. Rxe5 Bc5 18. Bxh7+ Kh8 19. Rh5 Bxf2+ 20. Kh1 Bg4 21. Qxg4 Nxg4 22. Bg6+ Kg8 23. Bxc7 {1-0 Ivanov,M (2260)-Hua,E (2049) Canadian op Windsor 2016 (7)}) ({RR} 10... f6 11. c4 d4 12. Re1 Ndxe5 13. Nxe5 fxe5 14. Bg3 Bb4 15. Nd2 O-O 16. a3 Bxd2 17. Qxd2 a5 18. b3 Bd7 19. Rab1 Rae8 20. b4 axb4 21. axb4 Rf5 22. Qe2 b6 23. b5 Na5 24. Bxe5 Qc5 25. Rbd1 {1-0 Bauer,C (2613)-Martin Duque,J (2411) Rochefort op 20th 2022 (7)}) 11. Re1 Bg7 12. Qe2 O-O 13. b4 a5 14. b5 Ne7 15. c4 dxc4 16. Bxc4 Nb6 17. Nbd2 Ned5 18. Bg3 Bd7 19. Bxd5 Nxd5 20. a4 Rac8 21. Ne4 Qc2 22. Nd6 Qxe2 23. Rxe2 Rc7 24. Nd2 Rc2 25. f4 f6 26. N6c4 fxe5 27. fxe5 Bh6 28. Be1 Rc8 29. Nd6 Rf8 30. N6c4 Rc8 31. Nd6 R8c7 32. Kf1 Bf4 33. Nf3 Ne3+ 34. Kf2 Nxg2 35. Bxa5 Be3+ 36. Kf1 Rxe2 37. Kxe2 b6 38. Bd2 Bxd2 39. Kxd2 Nf4 40. a5 Nd5 41. a6 Ra7 42. Nd4 Nc7 43. Rf1 Nxb5 44. N6xb5 Rxa6 45. Nc7 Ra2+ 46. Ke3 Rxh2 47. Ncxe6 Rh3+ 48. Ke4 Rh4+ 49. Kd5 Bxe6+ 50. Nxe6 h5 51. Nd4 g5 52. e6 Rf4 53. Rxf4 gxf4 54. e7 Kf7 55. Kd6 f3 56. Kd7 1-0